00596cam a2200205 a 45000010008000000030006000080050017000140080041000310100017000720200022000890400018001110500022001290820022001511000029001732450034002022600043002363000021002796300051003006500039003513788816GBCCL20241126110519.0850717s1985 ilu 000 0 eng  a 84052040  a0896933210 (pbk.) aDLCcDLCdDLC00aBS2785.2.E93 198500a227.9106219bEVA1 aEvans, Colleen Townsend.10aLiving true /cColleen Evans. aWheaton, Ill. :bVictor Books,cc1985. a156 p. ;c21 cm.00aBible.pJamesxCriticism, interpretation, etc. 0aChristian lifexBiblical teaching.